000 00731nam a22001695i 4500
001 154895
003 ES-MaACL
005 20230906205907.0
008 991103s1879 sp |||| | fre d
040 _aCCPB | B
_bspa
_cCCPB | B
245 0 0 _aGuide du touriste en Espagne et en Portugal, ou itinéaraire à travers ces pays, au point de vue artistique, monumental et pittoresque
_b: catalogue.
260 _aMadrid ;
_aParis ;
_aStuttgart :
_bJ. Laurent et C\pie\s,
_c1879.
300 _aXIX, 268 p. ;
_c20 cm.
651 4 _aEspaña-
_xDescripción-
_yS.XIX.
_98185
651 4 _aPortugal-
_xDescripción-
_yS.XIX.
_99252
852 _aES-MaACL
_jC-290(2)
_z-- Enc. tela roja con estampaciones, orla con hierros negros y cortes rojos
999 _c154895
_d154895